000 01070nam a2200265 a 4500
001 BRCA_2938
005 20190320204033.0
008 161208s1944----mx-a---###---#000-0#spa-u
050 4 _aF1386
_b.S74 1944
100 1 _aSteck, Francisco Borgia
_d1884-1962
_98170
245 1 0 _aEl primer colegio de America Santa Cruz de Tlatelolco
_bcon un estudio del codice de Tlatelolco por R. H. Barlow
_cFrancisco Borgia Steck ; prólogo Rafael García Granados ; carátula de la portada dibujada por Justino Fernández.
260 _aMéxico
_bCentro de Estudios Franciscanos
_c1944
300 _a106 p.
_bil.
_c24 cm.
500 _aB62
610 2 4 _aColegio de Santa Cruz de Tlatelolco
_98171
650 1 4 _aIndios de México
_xEducación
_98172
650 1 4 _aTlatelolco
_zMéxico (Ciudad)
_98173
650 1 4 _aCódice de Tlatelolco
_98174
651 4 _aMéxico
_xEducación
_97794
700 1 _aBarlow, Robert H.
_d1918-1951
_98175
700 1 _aFernández, Justino
_d1904-1972
_96551
700 1 _aGarcía Granados, Rafael
_d1893-1956
_eprol
_98043
902 _aGFM
942 _2lcc
_cB
999 _c2677
_d2677